Green Day Top Albums - Statistics

General Stats
  • This quiz has been taken 95 times
    32 since last reset
  • The average score is 14 of 19
Answer Stats
Sales/Streams Answer Year of Release % Correct
26.0M American Idiot 2004
100%
29.2M Dookie 1994
100%
9.9M Nimrod 1997
100%
7.0M 21st Century Breakdown 2009
93%
4.6M Warning 2000
93%
7.2M Insomniac 1995
89%
967k ¡Dos! 2012
86%
572k Saviors 2024
86%
867k ¡Tre! 2012
86%
1.5M ¡Uno! 2012
86%
288k Father of All... 2019
79%
2.1M Kerplunk! 1991
79%
1.3M Revolution Radio 2016
79%
1.3M 1,039/Smoothed Out Slappy Hours 1990
75%
5.6M International Superhits! 2001
39%
850k Shenanigans 2002
36%
2.4M Bullet in a Bible 2005
32%
350k Awesome as F**k 2011
14%
12k BBC Sessions 2021
7%
No matching quizzes found
Score Distribution
Percent of People with Each Score
Percentile by Number Answered
Your Score History
You have not taken this quiz since the last reset